000 00604nam a2200193Ia 4500
005 20260114185640.0
008 008 260114s9999 xx 000 0 eng d
020 _a9781474256100
037 _aEBOOK
040 _aCRL
_beng
_cCRL
041 _aeng
_2eng
084 _qCRL
100 _aVolker Barth and Roland Cvetkovski
_9872670
245 0 _aImperial Co-operation and Transfer, 1870-1930 Empires and Encounters
260 _bBloomsbury
_c2015
856 _uhttps://doi.org/10.5040/9781474256100?locatt=label:secondary_bloomsburyCollections
942 _cEBOOK
999 _c1471618
_d1471618